| 000 | 00704nam a2200205Ia 4500 | ||
|---|---|---|---|
| 001 | 22497 | ||
| 003 | GE_BSU | ||
| 008 | 181216s||||||||xx |||||||||||||| ||und|| | ||
| 040 | _cGE_BSU | ||
| 245 | _aНефтегазовые технологии и аналитика. № 4 Апрель 2018 | ||
| 245 | _bНаучно-технический журнал. CD | ||
| 245 | _cГл. ред. Кутасова Н.В. | ||
| 260 | _aМосква | ||
| 260 | _c2018 | ||
| 300 | _a88 стр. 29см. илл. +CD | ||
| 653 | _aНефтегазовые технологии и аналитика. № 4 Апрель 2018 | ||
| 653 | _aПериодика | ||
| 653 | _aპერიოდიკა | ||
| 942 | _cCR | ||
| 999 |
_c55415 _d55415 |
||